00541nam a2200181Ia 4500008004100000020001800041082001800059100002500077245003400102250000600136260003900142300001600181500002400197650001600221942000700237952009800244999001700342230524s9999 xx 000 0 und d a9789380026060 a621.3824bKIS aKamal Kishore943000 0aAntenna and Wave Propagation a1 aNew DelhibI.K.Internationalc2013 a"XII,271p;" aQuantity Number: 1 aElectronics cBK 00104070aTATCLbTATCLcGENd2023-05-24l0o621.3824 KISp54239r2023-05-24w2023-05-24yBK c57948d57948